Lessons from the Huk campaign in the Philippines. (Record no. 551921)
[ view plain ]
| 000 -LEADER | |
|---|---|
| fixed length control field | 00749cam a2200193u 4500 |
| 082 ## - DEWEY DECIMAL CLASSIFICATION NUMBER | |
| Classification number | 959.9 |
| Author Mark | LES |
| -- | L-30, P-4 |
| 100 1# - MAIN ENTRY--PERSONAL NAME | |
| Personal name | Baclagon, Uldarico S. [from old catalog] |
| 9 (RLIN) | 49088 |
| 245 00 - TITLE STATEMENT | |
| Title | Lessons from the Huk campaign in the Philippines. |
| 260 ## - PUBLICATION, DISTRIBUTION, ETC. | |
| Place of publication, distribution, etc. | [Fort Wm. |
| Name of publisher, distributor, etc. | McKinley, Published at the Infantry School, PASC, PATC. Rizal, Infantry School, PASC, Philippine Army Training Command, |
| Date of publication, distribution, etc. | c1956] |
| 300 ## - PHYSICAL DESCRIPTION | |
| Extent | 236 p. |
| Other physical details | illus. |
| Dimensions | 27 cm. |
| 526 ## - STUDY PROGRAM INFORMATION NOTE | |
| Program name | 0 |
| Interest level | 0 |
| Reading level | 0 |
| Title point value | 959_900000000000000_LES |
| 526 ## - STUDY PROGRAM INFORMATION NOTE | |
| Program name | 0 |
| Interest level | 0 |
| Reading level | 0 |
| Title point value | 959_900000000000000_LES |
| 526 ## - STUDY PROGRAM INFORMATION NOTE | |
| Program name | 0 |
| Interest level | 0 |
| Reading level | 0 |
| Title point value | 959_900000000000000_LES |
| 526 ## - STUDY PROGRAM INFORMATION NOTE | |
| Program name | 0 |
| Interest level | 0 |
| Reading level | 0 |
| Title point value | 959_900000000000000_LES |
| 650 #0 - SUBJECT ADDED ENTRY--TOPICAL TERM | |
| Topical term or geographic name entry element | Guerrilla warfare. |
| 9 (RLIN) | 18957 |
| 650 #0 - SUBJECT ADDED ENTRY--TOPICAL TERM | |
| Topical term or geographic name entry element | MCE |
| 9 (RLIN) | 379 |
| 700 1# - ADDED ENTRY--PERSONAL NAME | |
| Personal name | Rizal, Philippines. |
| 9 (RLIN) | 49089 |
| 942 ## - ADDED ENTRY ELEMENTS (KOHA) | |
| Source of classification or shelving scheme | |
| Koha item type | Book |
| Withdrawn status | Lost status | Source of classification or shelving scheme | Damaged status | Not for loan | Permanent Location | Current Location | Date acquired | Total Checkouts | Full call number | Barcode | Date last seen | Price effective from | Koha item type |
|---|---|---|---|---|---|---|---|---|---|---|---|---|---|
| Military College of Engineering (MCE) | Military College of Engineering (MCE) | 01/01/2015 | 959.9 LES | MCE-40139 | 01/01/2015 | 01/01/2015 | Book | ||||||
| Military College of Engineering (MCE) | Military College of Engineering (MCE) | 01/01/2015 | 959.9 LES | MCE-40507 | 01/01/2015 | 01/01/2015 | Book | ||||||
| Military College of Engineering (MCE) | Military College of Engineering (MCE) | 01/01/2015 | 959.9 LES | MCE-40138 | 01/01/2015 | 01/01/2015 | Book | ||||||
| Military College of Engineering (MCE) | Military College of Engineering (MCE) | 01/01/2015 | 959.9 LES | MCE-40137 | 01/01/2015 | 01/01/2015 | Book |
